[Event "Baden-ch op"]
[Site "Badenweiler"]
[Date "2009.06.06"]
[Round "7"]
[White "Hager, Joshua Aarash"]
[Black "Muheim, Sebastien"]
[Result "1-0"]
[WhiteElo "2182"]
[BlackElo "2031"]
[PlyCount "77"]
[EventDate "2009.06.01"]
[EventType "swiss"]
[EventRounds "9"]
[EventCountry "GER"]
[SourceTitle "EXT 2010"]
[Source "ChessBase"]
[SourceDate "2010.11.25"]
[SourceVersion "1"]
[SourceVersionDate "2010.11.25"]
[SourceQuality "1"]

1. e4 c5 2. Nf3 d6 3. d4 cxd4 4. Nxd4 Nf6 5. Nc3 a6 6. h3 Nbd7 7. g4 h6 8. Bg2 g6 9. Be3 e5 10. Nde2 b5 11. Ng3 Bb7 12. Qd2 Nb6 13. b3 b4 14. Bxb6 Qxb6 15. Nd5 Nxd5 16. exd5 Bg7 17. Be4 Rc8 18. a3 bxa3 19. Rxa3 Bf6 20. h4 Rc5 21. c4 Qd8 22. h5 g5 23. Bf5 Rc7 24. Ne4 Be7 25. 0-0 Bc8 26. Ng3 Bb7 27. Rfa1 Qb8 28. Kh2 Bd8 29. Ne4 Re7 30. c5 dxc5 31. Nf6+ Kf8 32. d6 e4 33. Kg1 Kg7 34. dxe7 Bxe7 35. Nd7 Qc7 36. Qc3+ f6 37. Rd1 e3 38. Qxe3 Bd6 39. Qe6 1-0